00465nam a2200157 450000500170000001000150001702000260003203500140005803700090007208200060008110000190008724500510010626000470015727000830020430000200028720250402153608.0 aENG-144431 a9789357317122c799.00 aEN-127963 bDBAD aS aKapadia, Payal aWoebegone's Warehouse of Words/cPayal Kapadia aGurugrambHachette Books Publishing c2024 a4th and 5th Floor, Corporate Centre, Plot No.-94, Sector 44,bGurugrame122003 a293p.c21cm(hb)